000
00277nam a2200097Ia 4500
008
240331s9999 xx 000 0 und d
082
_a
303.4
_b
PRO
100
_a
Thekkamalai, S.S. ed
245
4
_a
The process and the effects of modernization in Indian rural communities
942
_c
L
999
_c
1242
_d
1242